Piłkarze Reprezentacji Kamerunu - nagła śmierć - Statystyki

Ogólne statystyki
  • Ten quiz został rozwiązany 47 razy
  • Średni wynik to 8 z 12
Answers on the Grid
Answers color-coded by a green-red scale on the quiz's grid according to % correct below.
Bruno Ecuele Manga
Bryan Mbeumo
Carlos Baleba
Henri Saivet
André Onana
Samuel Eto’o
Steven Nzonzi
Vincent Aboubakar
André Anguissa
Max Gradel
Geremi
Eric Maxim Choupo-Moting
Aaron Wan-Bissaka
Karl Toko Ekambi
Emmanuel Eboué
Christian Benteke
Clinton N’Jie
Joël Matip
Taye Taiwo
Alex Song
 
Statystyki odpowiedzi
Odpowiedź % Poprawnych
André Onana
90%
Samuel Eto’o
87%
Eric Maxim Choupo-Moting
77%
Joël Matip
77%
Karl Toko Ekambi
73%
Alex Song
70%
Bryan Mbeumo
70%
Vincent Aboubakar
67%
André Anguissa
47%
Clinton N’Jie
33%
Carlos Baleba
30%
Geremi
30%
Nie znaleziono quizów pasujących do podanych kryteriów
Rozkład punktacji
Procent ludzi z każdym wynikiem
Percentyl według liczby udzielonych odpowiedzi
Twoja historia wyników
Nie rozwiązałeś tego quizu